Normal view
MARC view
- ROBOT MOTION - PLANNING
Entry Topical Term
001 - CONTROL NUMBER
- control field: 62017
003 - CONTROL NUMBER IDENTIFIER
- control field: NUST
005 - DATE AND TIME OF LATEST TRANSACTION
- control field: 20210628202848.0
008 - FIXED-LENGTH DATA ELEMENTS
- fixed length control field: 210628|| aca||aabn | a|a d
040 ## - CATALOGING SOURCE
- Original cataloging agency: NUST
- Transcribing agency: NUST
150 ## - HEADING--TOPICAL TERM
- Topical term or geographic name entry element: ROBOT MOTION - PLANNING
670 ## - SOURCE DATA FOUND
- Source citation: Work cat.: (NUST): Choset, Howie, Lynch, Kevin, Hutchinson, Seth 62016, Principles of robot motion, theory algorithms, and implementation, 2005
